Pokémon - Alle physischen Attacken - Statistiken

Allgemein
  • Dieses Quiz wurde 21 mal gespielt
  • Das Durchschnittsergebnis liegt bei 115 aus 346
Antwortstatistiken
Attacke Typ Stärke Gen. % AP % Korrekt
Bodyslam Normal 85 100 15
100%
Eishieb Eis 75 100 15
100%
Tackle Normal 40 100 35
100%
Aero-Ass Flug 60 - 20
89%
Biss Unlicht 60 100 25
89%
Bodycheck Normal 90 85 20
89%
Erdbeben Boden 100 100 10
89%
Feuerschlag Feuer 75 100 15
89%
Knirscher Unlicht 80 100 15
89%
Kratzer Normal 40 100 35
89%
Volttackle Elektro 120 100 15
89%
Dampfwalze Boden 60 100 20
78%
Donnerschlag Elektro 75 100 15
78%
Donnerzahn Elektro 65 95 15
78%
Eisenschweif Stahl 100 75 15
78%
Eiszahn Eis 65 95 15
78%
Feuerzahn Feuer 65 95 15
78%
Flammenrad Feuer 60 100 25
78%
Fußkick Kampf Variabel 100 20
78%
Geowurf Kampf Variabel 100 20
78%
Klaps Normal 40 100 35
78%
Konter Kampf Variabel 100 20
78%
Kratzfurie Normal 18 80 15
78%
Laubklinge Pflanze 90 100 15
78%
Nahkampf Kampf 120 100 5
78%
Ruckzuckhieb Normal 40 100 30
78%
Schaufler Boden 80 100 10
78%
Slam Normal 80 75 20
78%
Steinhagel Gestein 75 90 10
78%
Turmkick Kampf 130 90 10
78%
Doppelkick Kampf 30 100 30
67%
Drachenklaue Drache 80 100 15
67%
Duplexhieb Normal 15 85 10
67%
Felsgrab Gestein 60 95 15
67%
Hyperzahn Normal 80 90 15
67%
Käferbiss Käfer 60 100 20
67%
Kaskade Wasser 80 100 15
67%
Kreuzschere Käfer 80 100 15
67%
Mülltreffer Gift 120 80 5
67%
Nitroladung Feuer 50 100 20
67%
Psychoklinge Psycho 70 100 20
67%
Rankenhieb Pflanze 45 100 25
67%
Schlitzer Normal 70 100 20
67%
Steinwurf Gestein 50 90 15
67%
Turbodreher Normal 50 100 40
67%
Wutanfall Drache 120 100 10
67%
Abschlag Unlicht 65 100 20
56%
Doppelschlag Normal 35 90 10
56%
Dunkelklaue Geist 70 100 15
56%
Felswurf Gestein 25 90 10
56%
Flammenblitz Feuer 120 100 15
56%
Fuchtler Normal 120 100 10
56%
Funkensprung Elektro 65 100 20
56%
Fußtritt Kampf 65 100 20
56%
Geofissur Boden K.O. 30 5
56%
Gifthieb Gift 80 100 20
56%
Giftstachel Gift 15 100 35
56%
Giftzahn Gift 50 100 15
56%
Guillotine Normal K.O. 30 5
56%
Gyroball Stahl Variabel 100 5
56%
Hammerarm Kampf 100 90 10
56%
Kalkklinge Wasser 75 95 10
56%
Karateschlag Kampf 50 100 25
56%
Knuddler Fee 90 90 10
56%
Kopfnuss Normal 70 100 15
56%
Krabbhammer Wasser 100 90 10
56%
Kugelsaat Pflanze 25 100 30
56%
Lawine Eis 60 100 10
56%
Metallklaue Stahl 50 95 35
56%
Mogelhieb Normal 40 100 10
56%
Patronenhieb Stahl 40 100 30
56%
Pikser Flug 35 100 35
56%
Rasierblatt Pflanze 55 95 25
56%
Schattenstoß Geist 40 100 30
56%
Steinkante Gestein 100 80 5
56%
Sturzflug Flug 120 100 15
56%
Superzahn Normal Variabel 90 10
56%
Taucher Wasser 80 100 10
56%
Überwurf Kampf 70 - 10
56%
Wasserdüse Wasser 40 100 20
56%
Wickel Normal 15 90 20
56%
Zerschneider Normal 50 95 30
56%
Zertrümmerer Kampf 40 100 15
56%
Abgrundsklinge Boden 120 85 10
44%
Ableithieb Kampf 75 100 10
44%
Akrobatik Flug 55 100 15
44%
Aquadurchstoß Wasser 85 100 10
44%
Blutsauger Käfer 80 100 10
44%
Bohrschnabel Flug 80 100 20
44%
Brandstempel Feuer Variabel 100 10
44%
Drachenrute Drache 60 90 10
44%
Durchbruch Kampf 75 100 15
44%
Eisenschädel Stahl 80 100 15
44%
Eiszapfhagel Eis 85 90 10
44%
Explosion Normal 250 100 5
44%
Felswerfer Gestein 150 90 5
44%
Finale Normal 200 100 5
44%
Fliegen Flug 90 95 15
44%
Flügelschlag Flug 60 100 35
44%
Furienschlag Normal 15 85 20
44%
Gigastoß Normal 150 90 5
44%
Holzhammer Pflanze 120 100 15
44%
Hornattacke Normal 65 100 25
44%
Hornbohrer Normal K.O. 30 5
44%
Intensität Boden Variabel 100 30
44%
Kehrtwende Käfer 70 100 20
44%
Klammer Normal 55 100 30
44%
Knochenkeule Boden 65 85 20
44%
Knochmerang Boden 50 90 10
44%
Kometenhieb Normal 18 85 15
44%
Kopfstoß Gestein 150 80 5
44%
Kraftkoloss Kampf 120 100 5
44%
Nachthieb Unlicht 70 100 15
44%
Nassschweif Wasser 90 90 10
44%
Rammboss Stahl Variabel 100 10
44%
Risikotackle Normal 120 100 15
44%
Rückkehr Normal Variabel 100 20
44%
Sanctoklinge Kampf 90 100 15
44%
Sandgrab Boden 35 85 15
44%
Schlecker Geist 30 100 30
44%
Sprungfeder Flug 85 85 5
44%
Stromstoß Elektro 90 100 15
44%
Tiefschlag Unlicht 70 100 5
44%
Trugschlag Normal 40 100 40
44%
Turbofelsen Gestein 40 100 20
44%
Überroller Kampf 80 80 20
44%
Umklammerung Normal 10 100 35
44%
Verfolgung Unlicht 40 100 20
44%
Zen-Kopfstoß Psycho 80 90 15
44%
Zornklinge Käfer 40 95 20
44%
Blitzschlag Elektro 130 85 5
33%
Body Press Kampf 80 100 10
33%
Doppelhieb Drache 40 90 15
33%
Drachenstoß Drache 100 75 10
33%
Dreschflegel Normal Variabel 100 15
33%
Eishammer Eis 100 90 10
33%
Eisspeer Eis 25 100 30
33%
Eissplitter Eis 40 100 30
33%
Erstauner Geist 30 100 15
33%
Fegekick Kampf 60 85 15
33%
Feuerball Feuer 120 90 5
33%
Frostvolt Eis 140 90 5
33%
Frustration Normal Variabel 100 20
33%
Giftschweif Gift 50 100 25
33%
Himmelhieb Kampf 85 90 15
33%
Klammergriff Normal 15 85 20
33%
Kreuzdonner Elektro 100 100 5
33%
Kreuzhieb Kampf 100 80 5
33%
Läuterfeuer Feuer 100 95 5
33%
Megahieb Normal 80 85 20
33%
Megakick Normal 120 75 5
33%
Nadelrakete Käfer 25 95 20
33%
Notsituation Normal Variabel 100 5
33%
Offenlegung Normal 30 100 10
33%
Pferdestärke Boden 95 95 10
33%
Samenbomben Pflanze 80 100 15
33%
Schmarotzer Unlicht 95 100 15
33%
Stahlflügel Stahl 70 90 25
33%
Stampfer Normal 65 100 20
33%
Stärke Normal 80 100 15
33%
Sternenhieb Stahl 90 90 10
33%
Tempohieb Kampf 40 100 30
33%
Turbotempo Normal 80 100 5
33%
Verzweifler Normal 50 - 1
33%
Vielender Käfer 120 85 10
33%
Walzer Gestein 30 90 20
33%
Wangenrubbler Elektro 20 100 20
33%
Zenitstürmer Flug 120 100 5
33%
Zweigstoß Pflanze 40 100 40
33%
Anfallen Käfer 80 100 15
22%
Blattgeißel Pflanze 120 85 10
22%
Blattwerk Pflanze 40 100 40
22%
Blumentrick Pflanze 70 - 10
22%
Breitseite Drache 60 100 15
22%
Dark Lariat Unlicht 85 100 10
22%
Donnerstoß Elektro 100 95 15
22%
Drachenhammer Drache 90 100 15
22%
Dreifachkick Kampf 10 90 10
22%
Duonadel Käfer 25 100 20
22%
Düsenhieb Wasser 60 100 15
22%
Eierbombe Normal 100 75 10
22%
Eiskreisel Eis 80 100 15
22%
Fassade Normal 70 100 20
22%
Feuerfeger Feuer 85 90 10
22%
Finstertreffer Unlicht 75 100 5
22%
Finte Unlicht 60 - 20
22%
Flammenwut Feuer 120 100 10
22%
Flying Press Kampf 100 95 10
22%
Freier Fall Flug 60 100 10
22%
Fruststampfer Boden 75 100 10
22%
Gegenschlag Kampf Variabel 100 15
22%
Gegenstoß Unlicht 50 100 10
22%
Geschenk Normal Variabel 90 15
22%
Giftstreich Gift 70 100 20
22%
Grasrutsche Pflanze 60 100 20
22%
Heimzahlung Normal 70 100 5
22%
Herzstempel Psycho 60 100 25
22%
Himmelsfeger Flug 140 90 5
22%
Holzgeweih Pflanze 75 100 10
22%
Hyperbohrer Normal 100 100 5
22%
Irrschlag Normal 70 100 10
22%
Kiemenbiss Wasser 85 100 10
22%
Kollisionskurs Kampf 100 100 5
22%
Kraxler Normal 90 85 20
22%
Metallstoß Stahl Variabel 100 10
22%
Nietenranke Pflanze 60 100 15
22%
Poltergeist Geist 110 90 5
22%
Power-Punch Kampf 150 100 20
22%
Rollwende Wasser 60 100 20
22%
Schädelwumme Normal 130 100 10
22%
Schattenfessel Geist 80 100 10
22%
Schattenknochen Geist 85 100 10
22%
Schemenkraft Geist 120 100 5
22%
Schlagbohrer Boden 80 95 10
22%
Schockschnabel Elektro 85 100 10
22%
Solarklinge Pflanze 125 100 10
22%
Sprungkick Kampf 100 95 10
22%
Stachelfinale Käfer 50 100 25
22%
Stahlgestirn Stahl 100 100 5
22%
Stahlpresse Stahl Variabel 100 10
22%
Stakkato Normal 15 85 20
22%
Strafattacke Unlicht Variabel 100 5
22%
Überkopfwurf Kampf 60 90 10
22%
Überrumpler Käfer 90 100 10
22%
Vergeltung Kampf 60 100 10
22%
Weckruf Kampf 70 100 10
22%
Wellentackle Wasser 120 100 10
22%
Wuchtschlag Kampf 100 50 5
22%
Zahltag Normal 40 100 20
22%
Zermürben Normal 70 100 20
22%
Zuflucht Normal 140 100 5
22%
Ankerschuss Stahl 80 100 20
11%
Anspringen Käfer 50 100 20
11%
Aquaschnitt Wasser 70 100 20
11%
Armstoß Kampf 15 100 20
11%
Aura-Rad Elektro 110 100 10
11%
Beerenkräfte Normal Variabel 100 15
11%
Bergsturm Kampf 60 100 10
11%
Bezirzer Normal 60 100 25
11%
Blizzardlanze Eis 120 100 5
11%
Blütenwirbel Pflanze 90 100 15
11%
Bodengewalt Boden 90 100 10
11%
Britzelturbo Elektro 80 100 10
11%
Diamantsturm Gestein 100 95 5
11%
Diebesschatten Geist 90 100 10
11%
Dimensionswahn Unlicht 100 - 5
11%
Donnernder Tritt Kampf 90 100 10
11%
Dornkanone Normal 20 100 15
11%
Drachenpfeile Drache 50 100 10
11%
Dreifach-Axel Eis 20 90 10
11%
Drillingspfeile Kampf 90 100 10
11%
Eisenwalze Stahl 130 100 5
11%
Elektropikser Elektro 80 100 10
11%
Evo-Crash Normal Variabel - 20
11%
Felsaxt Gestein 65 90 15
11%
Fersenkick Kampf 120 90 10
11%
Fesselbiss Unlicht 80 100 10
11%
Feuerpeitsche Feuer 80 100 15
11%
Finsterfaust Geist 60 - 20
11%
Finsterturbo Unlicht 80 100 10
11%
Flackerbrand Feuer 60 100 20
11%
Frostbeule Eis 30 90 20
11%
Frostfallwind Eis 100 85 10
11%
Frustflamme Feuer 75 100 10
11%
Frustventil Unlicht 75 100 5
11%
Geduld Normal Variabel 100 10
11%
Geheimpower Normal 70 100 20
11%
Gewissheit Unlicht 60 100 10
11%
Giftstachelregen Gift 60 100 15
11%
Gigantenhieb Stahl 100 100 5
11%
Gigantenstoß Stahl 100 100 5
11%
Gravitation Pflanze 80 100 10
11%
Großklingenstoß Drache 120 100 5
11%
Hitzeturbo Feuer 80 100 10
11%
Katapult Gestein 50 100 15
11%
Kehrschelle Normal 25 85 10
11%
Kniefallspalter Unlicht 85 - 10
11%
Kniefalltrick Unlicht 80 - 10
11%
Knochenhatz Boden 25 90 10
11%
Krabbelkracher Käfer 70 90 10
11%
Kraftwelle Kampf 60 100 10
11%
Letalwirbler Gift 30 100 15
11%
Letzte Ehre Geist 50 100 10
11%
Magnetbombe Stahl 60 - 20
11%
Mäuseplage Normal 20 90 10
11%
Neck Strike Unlicht 80 100 15
11%
Panzerfäuste Stahl 60 100 5
11%
Pflücker Flug 60 100 20
11%
Phantomkraft Geist 90 100 10
11%
Plasmafäuste Elektro 100 100 15
11%
Pökelsalz Gestein 40 100 15
11%
Psychobeißer Psycho 85 100 10
11%
Quetschgriff Normal Variabel 100 5
11%
Quetschwalze Käfer 65 100 20
11%
Rankenkeule Pflanze 100 100 10
11%
Rasender Stier Normal 90 100 10
11%
Raserei Normal 20 100 20
11%
Raub Unlicht 60 100 25
11%
Riechsalz Normal 70 100 10
11%
Schlagbefehl Käfer 90 100 15
11%
Schleuder Unlicht Variabel 100 10
11%
Schmalhorn Stahl 70 - 10
11%
Schmetterramme Boden 120 100 5
11%
Schnapper Wasser 35 85 15
11%
Schuppenschuss Drache 25 90 20
11%
Schwebesturz Flug 90 95 15
11%
Seelenbruch Fee 75 100 15
11%
Sprießbomben Pflanze 100 90 10
11%
Steigerungshieb Kampf 40 100 20
11%
Steinschädel Normal 120 100 15
11%
Sternensturm Kampf 150 100 5
11%
Tauchtriade Wasser 30 95 10
11%
Tausend Pfeile Boden 90 100 10
11%
Tausend Wellen Boden 90 100 10
11%
Toxiturbo Gift 100 100 10
11%
Trefferschwall Wasser 25 100 5
11%
Trommelschläge Pflanze 80 100 10
11%
Überheblichkeit Unlicht 20 100 10
11%
Unheilsklauen Gift 80 100 10
11%
Vendetta Unlicht Variabel 100 10
11%
V-Generator Feuer 180 95 5
11%
Wegbereiter Pflanze 50 100 20
11%
Wirbler Unlicht 60 100 20
11%
Wogentanz Wasser 80 100 10
11%
Wuchtklinge Gestein 95 100 5
11%
Zauberturbo Fee 100 100 10
11%
Zermalmklaue Normal 75 95 10
11%
Zornesfaust Geist 50 100 10
11%
Zurückhaltung Normal 40 100 40
11%
Zweifachladung Elektro 120 100 5
11%
Auftischen Drache 80 100 10
0%
Barrierenstoß Psycho 70 90 10
0%
Doppelflügel Flug 40 90 10
0%
Fangeisen Pflanze 35 100 15
0%
Klikkdiskus Stahl 50 85 15
0%
Klingenschwall Unlicht 65 90 15
0%
Multi-Angriff Normal 120 100 10
0%
Prügler Unlicht Variabel 100 10
0%
Psychoschneide Psycho 80 100 15
0%
Raufturbo Kampf 100 100 10
0%
Reifendrehung Stahl 100 100 5
0%
Reueschwert Feuer 90 100 10
0%
Riesenhammer Stahl 160 100 5
0%
Schnabelkanone Flug 100 100 15
0%
Schnellkonter Kampf 65 100 15
0%
Tropenkick Pflanze 70 100 15
0%
Keine übereinstimmenden Quizze gefunden
Verteilung der Resultate
Anzahl Personen mit jedem Resultat
Perzentil nach korrekt beantworteten Fragen
Ihre Resultats-Entwicklung
Sie haben dieses Quiz noch nicht gespielt